[Event "DEM U14w 2013"]
[Site "Oberhof GER"]
[Date "2013.05.21"]
[Round "4"]
[White "Weis, Olga"]
[Black "Wiesner, Paula"]
[Result "1/2-1/2"]
[Termination "normal"]
[Board "3"]
[WhiteElo "1676"]
[BlackElo "1831"]
[PlyCount "43"]
[WhiteFideId "1270234"]
[BlackFideId "24654019"]
[EventCountry "GER"]
[EventRounds "9"]
[EventType "swiss"]
[EventDate "2013.05.18"]

1. e4 e6 2. d4 d5 3. Nd2 Nc6 4. Ngf3 Nf6 5. e5 Nd7 6. b3 f6 7. exf6 Qxf6 8. Bb2
Bd6 9. c4 O-O 10. Bd3 e5 11. cxd5 Nxd4 12. O-O Nc5 13. Nxd4 Nxd3 14. Ne4 Qf4
15. Qxd3 exd4 16. Nxd6 cxd6 17. Qxd4 Qxd4 18. Bxd4 Bf5 19. Rfe1 a6 20. Re7 Rf7
21. Rae1 Raf8 22. Rxf7 1/2-1/2

[Event "DEM U14w 2013"]
[Site "Oberhof GER"]
[Date "2013.05.21"]
[Round "4"]
[White "Giede, Anna-Blume"]
[Black "Sherif, Amina"]
[Result "0-1"]
[Termination "normal"]
[Board "4"]
[WhiteElo "1455"]
[BlackElo "1630"]
[PlyCount "112"]
[WhiteFideId "12921980"]
[BlackFideId "12911690"]
[EventCountry "GER"]
[EventRounds "9"]
[EventType "swiss"]
[EventDate "2013.05.18"]

1. c4 c6 2. Nf3 d5 3. e3 Nf6 4. b3 Bf5 5. d4 e6 6. a3 Nbd7 7. Bd3 Bg6 8. Nh4
Qc7 9. Nc3 Be7 10. Bb2 dxc4 11. bxc4 a6 12. a4 Rd8 13. Qe2 Qa5 14. O-O Bxd3 15.
Qxd3 O-O 16. Qc2 c5 17. Ba3 Rfe8 18. Rfb1 Qc7 19. Ne2 Rb8 20. Nf3 Rec8 21. Rc1
Bf8 22. Rab1 Nb6 23. Nd2 Ne8 24. Qb3 Nd7 25. Ng3 Nef6 26. Nge4 Rd8 27. Nxf6+
Nxf6 28. Nf3 Rdc8 29. h3 Nd7 30. Nd2 Qa5 31. Rc2 Rc6 32. Bc1 Rb6 33. Qa2 Rxb1
34. Nxb1 Nb6 35. Nc3 Rc8 36. d5 Qb4 37. dxe6 fxe6 38. Ba3 Qxc4 39. Qxc4 Nxc4
40. Bc1 Nd6 41. Ba3 b5 42. axb5 axb5 43. Ne2 Nb7 44. Nd4 b4 45. Bb2 Kf7 46. Nf3
h6 47. Ne5+ Kg8 48. Nd3 Rd8 49. Nf4 Kf7 50. Ne2 Bd6 51. g3 Rd7 52. Rc4 Rc7 53.
Nf4 Na5 54. Rc2 c4 55. Kf1 c3 56. Ba1 Nb3 0-1

[Event "DEM U14w 2013"]
[Site "Oberhof GER"]
[Date "2013.05.21"]
[Round "4"]
[White "Diener, Carolin Valeria"]
[Black "Nobis, Anna"]
[Result "1/2-1/2"]
[Termination "normal"]
[Board "5"]
[WhiteElo "1730"]
[BlackElo "1757"]
[PlyCount "182"]
[WhiteFideId "24699063"]
[BlackFideId "1270302"]
[EventCountry "GER"]
[EventRounds "9"]
[EventType "swiss"]
[EventDate "2013.05.18"]

1. e4 c5 2. Nf3 Nc6 3. Bb5 d6 4. Bxc6+ bxc6 5. O-O e5 6. h3 Be7 7. Re1 f5 8. d3
f4 9. c3 Nf6 10. d4 cxd4 11. cxd4 Qc7 12. dxe5 dxe5 13. Qc2 O-O 14. b3 Bb7 15.
Bb2 Bd6 16. Nbd2 Rae8 17. Ng5 Kh8 18. Qc4 Qe7 19. Ngf3 Nd7 20. Red1 Rg8 21. Qe2
Bc7 22. Nc4 h6 23. Nh4 Nf8 24. Qg4 Qf6 25. Qh5 Re6 26. Nf3 g5 27. Qg4 Qe7 28.
Nh2 Ba6 29. Qe2 Bxc4 30. Qxc4 Ng6 31. Rac1 Bb6 32. Qa4 Rc8 33. Ba3 Qb7 34. Qc4
Ree8 35. Ng4 Kg7 36. Bb2 h5 37. Nh2 Kh6 38. Rd6 c5 39. Rd5 Rcd8 40. Rxd8 Rxd8
41. Nf3 Qe7 42. Qc3 Qb7 43. Nxe5 Nf8 44. Nf3 Nh7 45. Qe5 Qf7 46. Ba3 Re8 47.
Qd6+ Re6 48. Qd3 Qe7 49. e5 g4 50. hxg4 hxg4 51. Nh2 Qg5 52. Bxc5 g3 53. Nf3
gxf2+ 54. Bxf2 Bxf2+ 55. Kxf2 Qg3+ 56. Kf1 Ng5 57. Qf5 Rg6 58. Nxg5 Rxg5 59.
Rc6+ Kh5 60. Qh7+ Kg4 61. Qd7+ Kh5 62. Qd1+ Rg4 63. Qf3 Qh2 64. Qh3+ Qxh3 65.
gxh3 Rg3 66. Rc8 Re3 67. Re8 Kh4 68. Kf2 Kg5 69. e6 Kf6 70. h4 Rh3 71. Rf8+
Kxe6 72. Rxf4 Rh2+ 73. Kg3 Rxa2 74. Ra4 Rb2 75. Ra3 Rb1 76. h5 Rh1 77. Kg4 Rg1+
78. Kh4 Rh1+ 79. Kg5 Rg1+ 80. Kh6 Rg3 81. Kh7 a5 82. Rxa5 Rxb3 83. Ra6+ Kf7 84.
Rg6 Rh3 85. h6 Rh2 86. Rg3 Rf2 87. Rg7+ Kf8 88. Rg8+ Kf7 89. Kh8 Rh2 90. h7 Rh3
91. Rg7+ Kf8 1/2-1/2

[Event "DEM U14w 2013"]
[Site "Oberhof GER"]
[Date "2013.05.21"]
[Round "4"]
[White "Ley, Sabrina"]
[Black "Moses, Selina"]
[Result "1-0"]
[Termination "normal"]
[Board "6"]
[WhiteElo "1479"]
[BlackElo "1760"]
[PlyCount "109"]
[WhiteFideId "12938130"]
[BlackFideId "12908070"]
[EventCountry "GER"]
[EventRounds "9"]
[EventType "swiss"]
[EventDate "2013.05.18"]

1. e4 c5 2. Nc3 Nc6 3. Bb5 Nd4 4. Bc4 e6 5. Nge2 Nf6 6. O-O d6 7. d3 Nxe2+ 8.
Qxe2 Be7 9. f4 g6 10. Qf3 O-O 11. g4 h5 12. h3 Kh8 13. Kh2 a6 14. a4 Qc7 15.
Bd2 Bd7 16. Rae1 Bc6 17. Qe2 hxg4 18. hxg4 Kg7 19. Kg1 Rh8 20. Rf2 Rh4 21. g5
Nd7 22. Rh2 Rxh2 23. Qxh2 Rh8 24. Qg3 Rh5 25. Re2 Qd8 26. Rh2 Qh8 27. Kg2 Rxh2+
28. Qxh2 Qxh2+ 29. Kxh2 Nb6 30. Bb3 Na8 31. Kg3 Nc7 32. Kg4 d5 33. Kf3 b5 34.
Be1 d4 35. axb5 dxc3 36. Bxc3+ Kf8 37. bxc6 Nb5 38. Bc4 Bd8 39. Bxb5 axb5 40.
Be5 Ke8 41. c7 Bxc7 42. Bxc7 Kd7 43. Be5 Kc6 44. Kg4 Kd7 45. d4 cxd4 46. Bxd4
Kc6 47. f5 exf5+ 48. exf5 Kd5 49. fxg6 fxg6 50. Bf6 Ke4 51. b3 Kd5 52. Kf4 Kd6
53. Ke4 Ke6 54. Kd4 Kd6 55. c4 1-0

[Event "DEM U14w 2013"]
[Site "Oberhof GER"]
[Date "2013.05.21"]
[Round "4"]
[White "Schumann, Rabea"]
[Black "Kluge, Leyla"]
[Result "1-0"]
[Termination "normal"]
[Board "7"]
[WhiteElo "1497"]
[BlackElo "1678"]
[PlyCount "71"]
[WhiteFideId "12918199"]
[BlackFideId "12918172"]
[EventCountry "GER"]
[EventRounds "9"]
[EventType "swiss"]
[EventDate "2013.05.18"]

1. c4 c5 2. g3 d6 3. Bg2 g6 4. Nc3 Bg7 5. a3 Nc6 6. Rb1 Nf6 7. b4 cxb4 8. axb4
O-O 9. d3 Ng4 10. Nd5 e6 11. Ne3 Nxe3 12. Bxe3 Nxb4 13. Rxb4 Bc3+ 14. Bd2 Bxb4
15. Bxb4 a5 16. Qa1 Qb6 17. Bd2 f5 18. Nf3 a4 19. O-O Qc7 20. Nd4 Bd7 21. Rb1
Rfb8 22. Nb5 Bxb5 23. Rxb5 Qg7 24. Qa3 Qf6 25. Be3 Qe7 26. Bf4 Ra6 27. c5 Qd7
28. Rb1 e5 29. c6 Qd8 30. Qa2+ Kg7 31. Rxb7+ Rxb7 32. cxb7 exf4 33. Qb2+ Kf7
34. b8=Q Qxb8 35. Qxb8 a3 36. Qb7+ 1-0

[Event "DEM U14w 2013"]
[Site "Oberhof GER"]
[Date "2013.05.21"]
[Round "4"]
[White "Richardt, Angelina"]
[Black "Rogozenco, Teodora"]
[Result "0-1"]
[Termination "normal"]
[Board "8"]
[WhiteElo "1398"]
[BlackElo "1821"]
[PlyCount "78"]
[WhiteFideId "12938149"]
[BlackFideId "12938084"]
[EventCountry "GER"]
[EventRounds "9"]
[EventType "swiss"]
[EventDate "2013.05.18"]

1. Nf3 Nf6 2. g3 d5 3. Bg2 c5 4. O-O Nc6 5. d3 g6 6. Nbd2 Bg7 7. c3 O-O 8. e4
e5 9. Re1 Re8 10. Qc2 h6 11. Nf1 Be6 12. h3 Rc8 13. exd5 Nxd5 14. Ne3 b6 15.
Kh2 Kh7 16. Bd2 Qd7 17. Rad1 f5 18. Bc1 Qf7 19. Nc4 Qc7 20. Qd2 Bf7 21. Qc2
Rcd8 22. Ng1 b5 23. Nd2 Ndb4 24. cxb4 Nxb4 25. Qb1 Bxa2 26. Qa1 Qa5 27. Nb3 Qb6
28. Nd2 Qa6 29. b3 Nxd3 30. Qc3 e4 31. Qc2 c4 32. bxc4 Nb4 33. Re2 Nxc2 34. Kh1
Bxc4 35. Kh2 Bxe2 36. Nxe2 Nd4 37. Nc3 Nf3+ 38. Bxf3 exf3 39. Nxf3 Bxc3 0-1

[Event "DEM U14w 2013"]
[Site "Oberhof GER"]
[Date "2013.05.21"]
[Round "4"]
[White "Kast, Larissa"]
[Black "Denkert, Anna"]
[Result "0-1"]
[Termination "normal"]
[Board "9"]
[WhiteElo "1680"]
[BlackElo "1592"]
[PlyCount "88"]
[WhiteFideId "24699055"]
[BlackFideId "12938122"]
[EventCountry "GER"]
[EventRounds "9"]
[EventType "swiss"]
[EventDate "2013.05.18"]

1. e4 e6 2. d4 d5 3. exd5 exd5 4. c4 Nc6 5. Bd3 Nf6 6. Nc3 Be7 7. Be3 dxc4 8.
Bxc4 O-O 9. Nf3 Bg4 10. Be2 Nd5 11. Nxd5 Qxd5 12. a3 Bf6 13. Qc2 Bxf3 14. Bxf3
Nxd4 15. Bxd4 Qxd4 16. O-O c6 17. b4 Qf4 18. Rae1 Rfe8 19. Qc5 Bd4 20. Qc2 Be5
21. g3 Qxf3 22. Re3 Qh5 23. Rfe1 f6 24. Qc4+ Qf7 25. Qxf7+ Kxf7 26. Kg2 Bb2 27.
Rxe8 Rxe8 28. Rxe8 Kxe8 29. a4 a6 30. Kf1 Bc3 31. b5 cxb5 32. axb5 a5 33. Ke2
a4 34. Kd3 Bb2 35. Kc2 a3 36. Kb3 Kd7 37. f4 Ke6 38. g4 Kd5 39. h3 Ke4 40. f5
Kf4 41. b6 Kg3 42. g5 fxg5 43. f6 gxf6 44. h4 gxh4 0-1

[Event "DEM U14w 2013"]
[Site "Oberhof GER"]
[Date "2013.05.21"]
[Round "4"]
[White "Bach, Kira"]
[Black "Brandl, Lea"]
[Result "1/2-1/2"]
[Termination "normal"]
[Board "10"]
[WhiteElo "1465"]
[BlackElo "1708"]
[PlyCount "89"]
[WhiteFideId "12907677"]
[BlackFideId "24693049"]
[EventCountry "GER"]
[EventRounds "9"]
[EventType "swiss"]
[EventDate "2013.05.18"]

1. e4 c5 2. Nc3 Nc6 3. g3 g6 4. Bg2 Bg7 5. d3 d6 6. Be3 e6 7. Qd2 Nge7 8. Bh6
O-O 9. h4 Bxh6 10. Qxh6 f6 11. Nge2 Kh8 12. Qd2 a6 13. a4 d5 14. g4 d4 15. Nd1
Ne5 16. g5 f5 17. h5 Qe8 18. Nf4 Qf7 19. hxg6 N7xg6 20. Rb1 Nxf4 21. Qxf4 Ng6
22. Qd6 Qe7 23. Qxe7 Nxe7 24. b4 cxb4 25. Rxb4 e5 26. exf5 Nxf5 27. Rc4 Rf7 28.
g6 Rg7 29. Rxh7+ Rxh7 30. gxh7 Kxh7 31. Bxb7 Bxb7 32. Rc7+ Kg6 33. Rxb7 Kg5 34.
Ke2 Kg4 35. Rb6 Kf4 36. Nb2 Ne7 37. Rf6+ Kg5 38. Re6 Ng6 39. Kf3 Rf8+ 40. Kg3
Rf6 41. Rxf6 Kxf6 42. Kf3 Ne7 43. Ke4 Nc6 44. Nc4 Ke6 45. f3 1/2-1/2

[Event "DEM U14w 2013"]
[Site "Oberhof GER"]
[Date "2013.05.21"]
[Round "4"]
[White "Semenova, Alisa"]
[Black "Simon, Tessa"]
[Result "0-1"]
[Termination "normal"]
[Board "11"]
[WhiteElo "1581"]
[BlackElo "1547"]
[PlyCount "102"]
[WhiteFideId "1272132"]
[BlackFideId "12929395"]
[EventCountry "GER"]
[EventRounds "9"]
[EventType "swiss"]
[EventDate "2013.05.18"]

1. e4 c5 2. Nc3 Nc6 3. g3 g6 4. Bg2 Bg7 5. d3 e6 6. Be3 d6 7. Qd2 Nge7 8. Bh6
O-O 9. h4 Bxh6 10. Qxh6 f6 11. g4 Kh8 12. Qe3 Nd4 13. O-O-O Rb8 14. g5 b5 15.
h5 Qe8 16. hxg6 Qxg6 17. gxf6 Nec6 18. Rh2 Ne5 19. Bh3 Qxf6 20. Nce2 Nxe2+ 21.
Nxe2 Nf3 22. Rg2 a5 23. d4 c4 24. Bg4 b4 25. Bxf3 Qxf3 26. Qxf3 Rxf3 27. Rdg1
Bb7 28. e5 dxe5 29. dxe5 Rf5 30. Nd4 Rxe5 31. Rg5 Re4 32. R1g4 Rxg4 33. Rxg4
Bd5 34. f4 Rg8 35. Rxg8+ Kxg8 36. Kd2 Kf7 37. Ke3 Kf6 38. Kf2 e5 39. fxe5+ Kxe5
40. Ne2 a4 41. Nc1 Kf5 42. Ne2 Kg4 43. Kg1 h5 44. Kh2 h4 45. c3 b3 46. a3 Kf3
47. Nd4+ Ke3 48. Kh3 Kd2 49. Nb5 Kc2 50. Kxh4 Kxb2 51. Kg3 Kc1 0-1

[Event "DEM U14w 2013"]
[Site "Oberhof GER"]
[Date "2013.05.21"]
[Round "4"]
[White "Döpper, Anna Berenice"]
[Black "Hacklinger, Dilan"]
[Result "1/2-1/2"]
[Termination "normal"]
[Board "12"]
[WhiteElo "1532"]
[BlackElo "1313"]
[PlyCount "47"]
[WhiteFideId "1271853"]
[BlackFideId "12952150"]
[EventCountry "GER"]
[EventRounds "9"]
[EventType "swiss"]
[EventDate "2013.05.18"]

1. e4 c5 2. d4 cxd4 3. Nf3 Nf6 4. e5 Nd5 5. Bc4 Nb6 6. Bd3 Nc6 7. O-O d5 8. h3
e6 9. Qe2 Bc5 10. Rd1 a6 11. Nbd2 Nd7 12. Nb3 Bb6 13. Bf4 O-O 14. a3 Qc7 15.
Bg3 Nc5 16. Nbxd4 Nxd4 17. Nxd4 Nxd3 18. Rxd3 Bd7 19. Qd2 Bxd4 20. Rxd4 Rac8
21. c3 Bb5 22. Rg4 Qd7 23. Rxg7+ Kxg7 24. Qg5+ 1/2-1/2

[Event "DEM U14w 2013"]
[Site "Oberhof GER"]
[Date "2013.05.21"]
[Round "4"]
[White "Müller, Sophie"]
[Black "Lederer, Leia"]
[Result "1-0"]
[Termination "normal"]
[Board "13"]
[WhiteElo "1422"]
[BlackElo "1547"]
[PlyCount "181"]
[WhiteFideId "12926698"]
[BlackFideId "12926353"]
[EventCountry "GER"]
[EventRounds "9"]
[EventType "swiss"]
[EventDate "2013.05.18"]

1. c4 Nf6 2. Nc3 c5 3. g3 g6 4. Bg2 Bg7 5. Nf3 Nc6 6. O-O O-O 7. a3 d5 8. cxd5
Nxd5 9. Nxd5 Qxd5 10. Qc2 Qd6 11. d3 e5 12. Be3 Nd4 13. Nxd4 cxd4 14. Bd2 Qd8
15. Rac1 Qb6 16. Bb4 Re8 17. Qc7 Qe6 18. Bxb7 Bxb7 19. Qxb7 a5 20. Bc5 h5 21.
b4 h4 22. Qf3 axb4 23. Bxb4 hxg3 24. hxg3 Ra7 25. Qc6 Qd7 26. Qxd7 Rxd7 27. Rc4
Bf8 28. Bxf8 Kxf8 29. Rb1 Ra7 30. a4 Kg7 31. Rb5 f6 32. Rcb4 Kh6 33. Rb7 Ra6
34. R7b6 Ra7 35. Rxf6 Rc8 36. Rbb6 Rxa4 37. Rxg6+ Kh7 38. Rh6+ Kg7 39. Rbg6+
Kf7 40. Rf6+ Kg7 41. f4 exf4 42. gxf4 Rc2 43. Kf2 Raa2 44. Re6 Rc1 45. Rh2 Raa1
46. Kf3 Kf7 47. Rb6 Rc8 48. Rb7+ Kg8 49. Rd7 Ra4 50. Rg2+ Kf8 51. f5 Rc1 52.
Ke4 Rh1 53. Rg4 Re1 54. Rxd4 Rxe2+ 55. Kf3 Rxd4 56. Rxd4 Re5 57. Kf4 Rb5 58.
Re4 Rb3 59. d4 Rb2 60. d5 Rd2 61. Ke5 Ke7 62. f6+ Kf7 63. Rf4 Re2+ 64. Kd6 Rc2
65. Kd7 Rc5 66. d6 Rc3 67. Kd8 Rc6 68. d7 Rc5 69. Re4 Rc3 70. Re7+ Kf8 71. Re6
Kf7 72. Rb6 Rc5 73. Rb7 Rc6 74. Rc7 Ra6 75. Kc8 Ra8+ 76. Kb7 Rd8 77. Kc6 Ke6
78. f7 Ke7 79. Rc8 Rf8 80. d8=Q+ Rxd8 81. Rxd8 Kxf7 82. Rd6 Ke7 83. Kd5 Ke8 84.
Ke6 Kf8 85. Rd7 Ke8 86. Ra7 Kd8 87. Rh7 Kc8 88. Kd6 Kb8 89. Kc6 Ka8 90. Kb6 Kb8
91. Rh8# 1-0

[Event "DEM U14w 2013"]
[Site "Oberhof GER"]
[Date "2013.05.21"]
[Round "4"]
[White "Silber, Stefanie"]
[Black "Möller, Hannah"]
[Result "0-1"]
[Termination "normal"]
[Board "14"]
[WhiteElo "1253"]
[BlackElo "1600"]
[PlyCount "112"]
[WhiteFideId "12918245"]
[BlackFideId "1270514"]
[EventCountry "GER"]
[EventRounds "9"]
[EventType "swiss"]
[EventDate "2013.05.18"]

1. e4 c5 2. Nc3 Nc6 3. g3 g6 4. Bg2 Bg7 5. d3 e6 6. f4 Nge7 7. Nf3 d6 8. O-O f5
9. Kh1 O-O 10. a4 Rb8 11. Be3 a6 12. Rb1 Bd7 13. d4 c4 14. d5 Na5 15. Bd4 fxe4
16. Bxg7 exf3 17. Bxf8 fxg2+ 18. Kxg2 Qxf8 19. dxe6 Bxe6 20. Qxd6 Bf7 21. Rfe1
Nf5 22. Qc7 Nc6 23. Rbd1 Qc8 24. Qxc8+ Rxc8 25. Rd7 Ncd4 26. Rxb7 Nxc2 27. Re2
Nce3+ 28. Kg1 Nd5 29. Re5 Nxc3 30. bxc3 Rd8 31. Rb1 Rd3 32. Ra5 Rxc3 33. Rxa6
Ra3 34. Rc1 c3 35. Rc6 Nd4 36. Rc8+ Kg7 37. Kf1 c2 38. Rb8 Rxa4 39. Rb2 Ra3 40.
Rb4 Rd3 41. Ke1 Bb3 42. g4 Rd1+ 43. Kf2 Rxc1 44. Rxd4 Rf1+ 45. Kxf1 c1=Q+ 46.
Ke2 Qb2+ 47. Rd2 Bc4+ 48. Ke1 Qc3 49. h4 Kf6 50. g5+ Kf5 51. Kd1 Bb3+ 52. Ke1
Kxf4 53. Ke2 Qe3+ 54. Kf1 Qxd2 55. Kg1 Kf3 56. Kh1 Qg2# 0-1

[Event "DEM U14w 2013"]
[Site "Oberhof GER"]
[Date "2013.05.21"]
[Round "5"]
[White "Sherif, Amina"]
[Black "Kempe, Anne"]
[Result "1-0"]
[Termination "normal"]
[Board "1"]
[WhiteElo "1630"]
[BlackElo "1782"]
[PlyCount "117"]
[WhiteFideId "12911690"]
[BlackFideId "12918083"]
[EventCountry "GER"]
[EventRounds "9"]
[EventType "swiss"]
[EventDate "2013.05.18"]

1. e4 c5 2. Nf3 d6 3. c3 Nf6 4. h3 Nc6 5. Bd3 g6 6. Bc2 Bg7 7. O-O O-O 8. Re1
Nd7 9. d3 b5 10. Be3 Bb7 11. d4 Qc7 12. Nbd2 Na5 13. Rc1 c4 14. Nf1 Nc6 15. Qd2
Rfe8 16. Ng3 a5 17. Bb1 Ba6 18. Red1 Rab8 19. Qe2 Qb7 20. Qc2 Rec8 21. b3 b4
22. bxc4 Bxc4 23. cxb4 Nxb4 24. Qd2 Qb5 25. a3 Nc6 26. Bd3 Bxd3 27. Qxd3 Na7
28. Qxb5 Nxb5 29. Bd2 Nxd4 30. Nxd4 Bxd4 31. Rxc8+ Rxc8 32. Bxa5 Bb2 33. Bb4
Rc2 34. Kf1 Nc5 35. f3 Na6 36. Rb1 Nxb4 37. axb4 Bd4 38. Ne2 Bb6 39. Ke1 Kf8
40. Nf4 e6 41. Ne2 Ke7 42. Kd1 Ra2 43. Nf4 Kd7 44. Ne2 f5 45. exf5 gxf5 46. Rb3
e5 47. f4 e4 48. Rg3 Ke6 49. Rg7 Ra7 50. Rg3 d5 51. Rc3 Rc7 52. Ra3 Rc6 53. Ra8
Ke7 54. Rh8 h6 55. Ng3 Rf6 56. Rxh6 Rxh6 57. Nxf5+ Kf6 58. Nxh6 Be3 59. Ng4+
1-0

[Event "DEM U14w 2013"]
[Site "Oberhof GER"]
[Date "2013.05.21"]
[Round "5"]
[White "Wiesner, Paula"]
[Black "Sieber, Fiona"]
[Result "0-1"]
[Termination "normal"]
[Board "2"]
[WhiteElo "1831"]
[BlackElo "1836"]
[PlyCount "172"]
[WhiteFideId "24654019"]
[BlackFideId "12902373"]
[EventCountry "GER"]
[EventRounds "9"]
[EventType "swiss"]
[EventDate "2013.05.18"]

1. d4 Nf6 2. c4 e6 3. Nc3 Bb4 4. e3 O-O 5. Nge2 d5 6. a3 Be7 7. cxd5 exd5 8.
Nf4 c6 9. Bd3 Nbd7 10. O-O Re8 11. f3 Nf8 12. Bc2 Ng6 13. e4 dxe4 14. fxe4 Bg4
15. Qd3 Qb6 16. Be3 Rad8 17. h3 Nxf4 18. Rxf4 Bh5 19. b4 Qc7 20. Qf1 Bg6 21.
Rc1 a5 22. e5 Nd7 23. Bb3 axb4 24. axb4 Bxb4 25. Nd5 Qa5 26. Ra1 Ba3 27. Bc1
cxd5 28. Rxa3 Qc7 29. Bd2 Nxe5 30. Ra1 Nc6 31. Qb5 Be4 32. Rc1 Qd7 33. Qb6 Re6
34. Ba4 Nb8 35. Bxd7 Rxb6 36. Ba4 Rb2 37. Rf2 Na6 38. Ba5 Rxf2 39. Kxf2 Rb8 40.
Bb5 Kf8 41. Bxa6 bxa6 42. g3 Rb2+ 43. Ke3 Rb3+ 44. Rc3 Rxc3+ 45. Bxc3 Ke7 46.
Bb4+ Kf6 47. Ba5 Bg2 48. h4 Kf5 49. Bc7 Kg4 50. Kf2 Be4 51. Ba5 Bd3 52. Bc7 h6
53. Bd8 Bc4 54. Bb6 h5 55. Bc7 g6 56. Bd8 Kf5 57. Kf3 Ke6 58. Ke3 Kd7 59. Ba5
Kc6 60. Kd2 Kb5 61. Bd8 Kb4 62. Be7+ Kb3 63. Bd8 Bb5 64. Kc1 Kc3 65. Bb6 Bd3
66. Kd1 Bf5 67. Kc1 Be4 68. Kd1 Kb4 69. Kc1 a5 70. Kb2 Bf5 71. Bc5+ Kc4 72. Ka3
Bd7 73. Kb2 Bg4 74. Bb6 a4 75. Bc5 Bd1 76. Bb6 Kd3 77. Bc5 Kd2 78. Bb4+ Kd3 79.
Bc5 Bb3 80. Bb6 f6 81. Bd8 Kxd4 82. Bxf6+ Kd3 83. Be7 d4 84. Kc1 Ke2 85. Bb4 d3
86. Bc3 a3 0-1

[Event "DEM U14w 2013"]
[Site "Oberhof GER"]
[Date "2013.05.21"]
[Round "5"]
[White "Rogozenco, Teodora"]
[Black "Diener, Carolin Valeria"]
[Result "1-0"]
[Termination "normal"]
[Board "4"]
[WhiteElo "1821"]
[BlackElo "1730"]
[PlyCount "59"]
[WhiteFideId "12938084"]
[BlackFideId "24699063"]
[EventCountry "GER"]
[EventRounds "9"]
[EventType "swiss"]
[EventDate "2013.05.18"]

1. d4 d5 2. c4 e6 3. Nc3 Be7 4. cxd5 exd5 5. Bf4 c6 6. Qc2 Nf6 7. h3 Nbd7 8. e3
O-O 9. Bd3 Re8 10. Nf3 h6 11. O-O Nf8 12. Ne5 Bd6 13. Bh2 Ne6 14. f4 a6 15. g4
c5 16. Qf2 Qb6 17. Ne2 c4 18. Bf5 Qxb2 19. h4 Qa3 20. g5 hxg5 21. fxg5 Bxe5 22.
Bxe5 Nh7 23. Bg6 Rf8 24. Bxf7+ Kh8 25. Nf4 Nxf4 26. Qxf4 Rxf7 27. Qxf7 Qxe3+
28. Rf2 Nf6 29. gxf6 Qh6 30. fxg7+ 1-0

[Event "DEM U14w 2013"]
[Site "Oberhof GER"]
[Date "2013.05.21"]
[Round "5"]
[White "Denkert, Anna"]
[Black "Wächter, Nathalie"]
[Result "0-1"]
[Termination "normal"]
[Board "5"]
[WhiteElo "1592"]
[BlackElo "1702"]
[PlyCount "132"]
[WhiteFideId "12938122"]
[BlackFideId "12921033"]
[EventCountry "GER"]
[EventRounds "9"]
[EventType "swiss"]
[EventDate "2013.05.18"]

1. e4 e5 2. Nf3 Nc6 3. Bb5 a6 4. Bxc6 dxc6 5. O-O Bg4 6. d3 Qf6 7. Nbd2 Ne7 8.
h3 h5 9. Nc4 Bxf3 10. Qxf3 Qxf3 11. gxf3 Ng6 12. Be3 f6 13. Kg2 Nh4+ 14. Kg3 g5
15. d4 b5 16. Na5 exd4 17. Bxd4 Bd6+ 18. e5 fxe5 19. Be3 e4+ 20. f4 Nf5+ 21.
Kg2 gxf4 22. Bd2 Nh4+ 23. Kh1 Nf3 24. Bc3 Rg8 25. Nxc6 Kd7 26. Nd4 Nxd4 27.
Bxd4 Rg6 28. Rad1 Ke6 29. Rfe1 Kf5 30. Bc3 c6 31. Rd4 Re8 32. Bb4 Bxb4 33. Rxb4
c5 34. Rb3 c4 35. Rb4 Re5 36. a4 f3 37. axb5 axb5 38. Rg1 Rxg1+ 39. Kxg1 Rd5
40. b3 cxb3 41. cxb3 Kf4 42. h4 Re5 43. Rd4 Kg4 44. b4 Kxh4 45. Kh2 Kg4 46. Kg1
Kf4 47. Kh2 Rg5 48. Kh1 h4 49. Rd8 h3 50. Rh8 Kg4 51. Rh7 h2 52. Rh3 Rh5 53.
Rg3+ Kf4 54. Rg4+ Kf5 55. Rf4+ Kg6 56. Rf6+ Kg5 57. Rf5+ Kh4 58. Rf4+ Kh3 59.
Rf5 Rh4 60. Rh5 e3 61. Rg5 Rxb4 62. Rg3+ Kh4 63. Kxh2 e2 64. Rg1 Rd4 65. Rb1
Rd1 66. Rxd1 exd1=B 0-1

[Event "DEM U14w 2013"]
[Site "Oberhof GER"]
[Date "2013.05.21"]
[Round "5"]
[White "Nobis, Anna"]
[Black "Weis, Olga"]
[Result "0-1"]
[Termination "normal"]
[Board "6"]
[WhiteElo "1757"]
[BlackElo "1676"]
[PlyCount "56"]
[WhiteFideId "1270302"]
[BlackFideId "1270234"]
[EventCountry "GER"]
[EventRounds "9"]
[EventType "swiss"]
[EventDate "2013.05.18"]

1. e4 e5 2. Nf3 Nc6 3. Bb5 a6 4. Ba4 Nf6 5. O-O d6 6. Re1 b5 7. Bb3 Na5 8. c3
Nxb3 9. Qxb3 Be7 10. d4 exd4 11. cxd4 c5 12. dxc5 dxc5 13. Nc3 Be6 14. Qc2 O-O
15. Bf4 Qb6 16. Ng5 h6 17. Nxe6 fxe6 18. Qe2 c4 19. Bg3 Nd7 20. Qg4 Nc5 21. Bf4
Nd3 22. Be3 Bc5 23. Bxc5 Qxc5 24. Qxe6+ Kh8 25. Re3 Rxf2 26. Nd5 Re2 27. Qh3
Nf4 28. Nxf4 Rxe3 0-1

[Event "DEM U14w 2013"]
[Site "Oberhof GER"]
[Date "2013.05.21"]
[Round "5"]
[White "Simon, Tessa"]
[Black "Schumann, Rabea"]
[Result "1/2-1/2"]
[Termination "normal"]
[Board "7"]
[WhiteElo "1547"]
[BlackElo "1497"]
[PlyCount "98"]
[WhiteFideId "12929395"]
[BlackFideId "12918199"]
[EventCountry "GER"]
[EventRounds "9"]
[EventType "swiss"]
[EventDate "2013.05.18"]

1. e4 c5 2. Nf3 Nc6 3. d4 cxd4 4. Nxd4 g6 5. Nc3 Bg7 6. Be3 Nf6 7. Bc4 Qa5 8.
O-O O-O 9. Bb3 d6 10. h3 Bd7 11. f4 Nxd4 12. Bxd4 Bc6 13. Qd3 a6 14. f5 Rac8
15. fxg6 hxg6 16. Bxf6 Qc5+ 17. Kh1 exf6 18. Qg3 Kh7 19. Rad1 Qe5 20. Qxe5 dxe5
21. Nd5 Bxd5 22. Rxd5 Rfd8 23. Rfd1 Rxd5 24. exd5 Bf8 25. Kg1 Bd6 26. Kf2 Kg7
27. a3 f5 28. c4 b5 29. Rc1 Kf6 30. Ke2 e4 31. Rc2 Ke5 32. Rc3 bxc4 33. Rxc4
Rxc4 34. Bxc4 a5 35. g3 g5 36. Kf2 f4 37. gxf4+ gxf4 38. h4 Kf5 39. Bb3 Kg4 40.
Bc2 Bc5+ 41. Ke1 e3 42. Bd1+ Kxh4 43. Bf3 Kg3 44. Ke2 a4 45. Bh5 f6 46. Bf3 Kh4
47. Be4 Kg4 48. Bf3+ Kf5 49. Kd3 Ke5 1/2-1/2

[Event "DEM U14w 2013"]
[Site "Oberhof GER"]
[Date "2013.05.21"]
[Round "5"]
[White "Moses, Selina"]
[Black "Giede, Anna-Blume"]
[Result "1-0"]
[Termination "normal"]
[Board "8"]
[WhiteElo "1760"]
[BlackElo "1455"]
[PlyCount "41"]
[WhiteFideId "12908070"]
[BlackFideId "12921980"]
[EventCountry "GER"]
[EventRounds "9"]
[EventType "swiss"]
[EventDate "2013.05.18"]

1. e4 c6 2. d4 d5 3. Nc3 dxe4 4. Nxe4 Bf5 5. Ng3 Bg6 6. h4 h6 7. Nf3 Nf6 8. h5
Bh7 9. Bd3 Bxd3 10. Qxd3 Nbd7 11. Bf4 e6 12. O-O-O Nb6 13. a3 Bd6 14. Bxd6 Qxd6
15. Ne5 Nfd7 16. Ne4 Qc7 17. Nxd7 Qxd7 18. Qg3 f5 19. Nc5 Qf7 20. Nxe6 Ke7 21.
Rhe1 1-0

[Event "DEM U14w 2013"]
[Site "Oberhof GER"]
[Date "2013.05.21"]
[Round "5"]
[White "Kluge, Leyla"]
[Black "Müller, Sophie"]
[Result "1/2-1/2"]
[Termination "normal"]
[Board "9"]
[WhiteElo "1678"]
[BlackElo "1422"]
[PlyCount "60"]
[WhiteFideId "12918172"]
[BlackFideId "12926698"]
[EventCountry "GER"]
[EventRounds "9"]
[EventType "swiss"]
[EventDate "2013.05.18"]

1. c4 c6 2. Nc3 d5 3. cxd5 cxd5 4. d4 Nf6 5. g3 Nc6 6. Nf3 Bf5 7. a3 e6 8. Bg2
a6 9. O-O Bd6 10. Re1 O-O 11. Nh4 Bg4 12. h3 Bh5 13. b4 Qb6 14. Be3 Rac8 15.
Rc1 Ne7 16. Qd3 Ng6 17. Nf3 Bxf3 18. Bxf3 Qd8 19. Rc2 b5 20. Rec1 Qd7 21. Bg5
Be7 22. Bxf6 Bxf6 23. Nb1 Rxc2 24. Rxc2 Rc8 25. Rd2 Rc1+ 26. Rd1 Rxd1+ 27. Qxd1
Qc6 28. Kg2 h6 29. e3 Ne7 30. Qd3 Nc8 1/2-1/2